Geometry Dash Insane Demons Part 1 - Statistics

General Stats
  • This quiz has been taken 123 times
    37 since last reset
  • The average score is 65 of 500
Answer Stats
Hint Answer % Correct
ZenthicAlpha Supersonic
77%
Roadbose ICE Carbon Diablo X
69%
WOOGI1411 Windy Landscape
69%
Andromeda GMD Poltergeist
65%
Zobros Acropolis
62%
ZenthicAlpha Ultrasonic
62%
Zobros 8o
58%
TheRealZust ICE Carbon Zust
54%
DavJT CraZy II
50%
ScorchVx Magma Bound
50%
Nox Stalemate
50%
Nacho21 Duelo Maestro
46%
KrmaL hi
46%
JonathanGD Butiti II
42%
RedUniverse Crimson Clutter
42%
MaJackO Future demoness
42%
IIINePtunEIII Necropolis
42%
JonathanGD Dark Travel
38%
KrmaL Lit Fuse
38%
Small Deadlocked v2
35%
Giron Sharp Minor
35%
MaJackO Stereo Demoness
35%
ARtu Thanatophobia
35%
GMDomy infinite circles v2
31%
EnZore Leyak
31%
Zobros love baba
31%
KrmaL Rearmed
31%
drakeghast Temple of Destiny
31%
Megadere The JanuS Miracle
31%
Roimousti AAAAAAAAAAAAAAAAAAAA
27%
Lalter Catastrophic
27%
GunnerBones Club
27%
Noriega Deadlocked v3
27%
ozpectro effot
27%
JonathanGD Future Funk II
27%
zaRIKU swiftness
27%
zaRIKU zirokabi
27%
T3mpl4te 10
23%
VERSU5 classic
23%
WOOGI1411 Colorful OverNight
23%
CreeperMILK Creeper Force
23%
Knobbelboy Dark Rainbow Rebirth
23%
Ruf Death Note
23%
Jerry Bronze V DiamonD
23%
LmAnubis El Dorado
23%
BGames FingerDash v3
23%
Hinds Firewall
23%
Endlevel Flat Major
23%
SimilarAMZ Game Time
23%
KeiAs Horntail Cave
23%
KeiAs Horntail Cave II
23%
Zobros Luminum
23%
SrGuillester Lunatic Doom Machine
23%
KrmaL M A N I X
23%
Zylenox Master Duel
23%
Hinds Night Terrors
23%
ViPriN Nine CircleX
23%
Giron Plasma Pulse
23%
Giron Plasma Pulse II
23%
Glittershroom Pyromaniac
23%
EVW Subterranean Animism
23%
Zobros Swing Squad
23%
KrmaL Valor
23%
Hinds 9Theory
19%
lSunix Abandoned Kingdom
19%
Jeyzor Abandoned Machine
19%
Pan Absolute Meltdown
19%
BlackP2sFull Alphabet X
19%
ozpectro belic
19%
Samifying Blast Furnace
19%
Zobros ClubStep Nightmares
19%
SrGuillester Cosmic Calamity
19%
Hinds Cyber Chaos
19%
SuprianGD Dream Travel
19%
nasgubb flap
19%
ZenthicAlpha FuryDynamix
19%
Stormfly Hate War
19%
XxAviilaxX InfernopleX
19%
Giron Infrared
19%
KrmaL Invisible Deadlocked
19%
Jeyzor Kappa Boss Fight
19%
GMD Samul kidsmoke
19%
ViPriN Kyrie Eleison
19%
RoWey Midnight Sun
19%
hyp3rdemente Project Inferno
19%
iIAkariIi Pulsar
19%
lumpy QuantumWave
19%
Bryan1150 Rebellion
19%
Trollfacedash Right In
19%
Dorami Sine Wavs
19%
EternaswipVMAX Soulless
19%
Serponge SourCream II
19%
Lazerblitz Spacelocked II
19%
Twoots Switchblade
19%
Edicts The Badland
19%
Pasiblitz The Caverns II
19%
TheKris Theory of Alchemy
19%
Sandstorm The Shredder
19%
Michigun Trip
19%
Pasiblitz X Adventure
19%
Lfritz 1929
15%
Hinds 9Step
15%
willy5000 Abaddon
15%
Stormfly Achondrite
15%
Shocksidian Adventure
15%
BoyoftheCones After Catabath
15%
Dhafin Anger Storm
15%
Tongii Arcadelocked
15%
SaabS Artificial Calamity
15%
JonathanGD Beyond The Nature
15%
Pennutoh Big Boom
15%
Vlacc Bit Reaper
15%
BoyoftheCones Buff This
15%
GeometryJosh2 Chaotic Machine
15%
WhitePartyHat colorghasm
15%
Pennutoh Cosmonaut 21
15%
Nox Critical Fusion
15%
GirlyDash Cursed Mansion
15%
Giron Dark nebula
15%
GMDBlue Deep Swim
15%
RyanAB DeltaNova
15%
drakeghast Doom Blade
15%
demondoomvn Dream Game
15%
ChaSe Fearless
15%
VERSU5 Forsaken Neon v2
15%
Usermatt18 Frizzantino Vibes
15%
ZenthicAlpha FuryLocked
15%
Manix648 Fusion II
15%
TeamSmokeWeed Galatic Fragility
15%
Feko9 Geminorum
15%
DavJT Ghost Temple
15%
Metalface221 GoodGame
15%
ZenThriXGD Grimoire Heart
15%
ZenthicAlpha HazardSector 1
15%
Noriega Hexagon Force v6
15%
Dorami KillerZone
15%
GD Quasar Kuiper
15%
GD Quasar Leminscate
15%
Step4enko lezicuv
15%
splenetic LightWave
15%
GREEN MadHouse
15%
Howler (DevinCoyote) Mischievous Run
15%
Mulpan Multition
15%
mynamejeffff nonsense world
15%
jakerz95 Osiris
15%
WOOGI1411 Pentakill
15%
Mazl Photovoltaic
15%
FunnyGame Puzzle trials
15%
Codex Red
15%
WOOGI1411 Sequence
15%
ChaSe Sleepless
15%
TheFakeLogik sound journey
15%
DiscJoker Spectral Tentation
15%
Motu | TheKris SuperNova
15%
TMNGaming Surge of Creations
15%
aidancrdbl Sword Dance
15%
Edicts The Deathless
15%
Jindotgae The Elysium
15%
Eiken The Four Elements
15%
Dorami Theory of XoanoN
15%
KR0N0S TITANIUM CORE
15%
BlackP2sFull Twilight Step v2
15%
Zobros Ultimate Demon Mix
15%
ViPriN Ultraviolet
15%
Keyblade | Metalface221 Underground
15%
Howler (Devincoyote) Upbeat Universe
15%
T3mpl4te XYZ
15%
OrcaSN XYZ Step Infinity
15%
Rabbitical ZenthicAlpha
15%
SimilarAMZ ABLAZE
12%
wamiq AlphaSonic
12%
Ryder A new Cataclysm
12%
LmAnubis Antique Circles
12%
Shocksidian Apache
12%
WHErwin ApocalypseAfterParty
12%
alkali arcane ascent
12%
GoodSmile Audio Excursion
12%
Loltad Bad Trip
12%
Findexi Circles Evolution
12%
BoyoftheCones Clubstep Reborn
12%
VoidSquad Convection
12%
Killa Corrosion
12%
Knobbelboy Crying Souls
12%
SimilarAMZ Cyber Planet
12%
GlodenGD Dark matter
12%
cherryteam Dash N Xplodes
12%
Relayx Destruction of God
12%
Dorami DiabolicForce
12%
Etzer Doomsday X
12%
dhk2725 Dual Knight
12%
Ilrell EB
12%
Subwoofer Edens Blessing
12%
Eiken Elements X
12%
WOOGI1411 Endorphin
12%
LyoNa Entwined Room
12%
Sumsar Exploring Space
12%
nether extreme chaos
12%
fruitsnack First Blood
12%
Edicts Frontlines
12%
ItzMika Frozen Jawbreaker
12%
KeiAs Future Circles
12%
BIANOX Galaxy Breaker
12%
heatherhayes Glizzy
12%
Zylenox Golden Shade
12%
loogiah grindfury
12%
Ulasp Grizzly
12%
zEvilPrisma Gunslinga Corridor
12%
Ludicrous Hallucinations
12%
RoWey Hellish Melody
12%
Jbeast15 Hyper Blaster
12%
LazerBlitz Hyper Drivers
12%
LazerBlitz Hyper Space
12%
xQuadrant Kernel Trap
12%
ozpectro landect
12%
Zeostar Light Years
12%
WOOGI1411 Melody of Violins
12%
JustMatt101 Mirror Tempest
12%
CronosMx New Supersonic
12%
iIiEupeNoxiIi Nightmare
12%
Prism Off The Hook
12%
Ragnarus One
12%
Arb Overdose
12%
CairoX Paradox Theory
12%
Incidius Phases
12%
Jeyzor PogChamp Boss Fight
12%
ToxYc Power
12%
Colorforce poWer
12%
Centuple Primary Maze
12%
Shocksidian Pursuit
12%
LazerBlitz Quest For Perfection
12%
Edicts | Vlacc Rampage
12%
Awzer Rewind
12%
Jekko Rupture
12%
Zylenox Silver Shade
12%
Jindotgae Sparklic Ocean
12%
XTHANEX SpeedCore
12%
oraviram Stalker
12%
XTHANEX StandOff
12%
Failure444 Starline
12%
CarlosArt16 Star Power
12%
Lemons Superstrike
12%
Ilrell TG
12%
NaneSae the far sky
12%
Ggboy Theory of the Past
12%
Metalface221 The Secret Box
12%
Manix648 ToE IV
12%
Shizennoaki Toxic
12%
Rlol Ultimate Showdown
12%
4thColor (Chloe2012) Void
12%
ozpectro Voksius
12%
Rlol Wolfstep
12%
iIiViRuZiIi Aeonian
8%
Geogamer12 Affine
8%
KeiAs Albatross
8%
2003Devin alika
8%
Ellisha Alone
8%
TMNGaming An Expression
8%
Flukester Annihilation
8%
Gryllex Anthelion
8%
F5night Anubis Gate
8%
GMD Samul Archdemon
8%
spark Astronomical Alchemy
8%
Tuna310 AVATAR
8%
Cirtrax Beetle
8%
SoDaZ Bit Byte
8%
Toxic GD Blood Menace
8%
Vulcan Carnage
8%
Mazl Catastrophe
8%
Th04 Championship
8%
heatherhayes chancla
8%
Havok Chaotic Hyperdrive
8%
albinomaster Colorful Corruption
8%
WOOGI1411 Complex
8%
SirHadoken CONK
8%
SSamurai Coronavirus
8%
Mazl Cosmic Festival
8%
Evasium622 Crackdown Draft
8%
Elzeko Cronos
8%
Ghoststav Cursed Nightmare
8%
KireiMirai DawnRoad II
8%
Lemons Decimation
8%
Miniman2098 Demonic Bass
8%
Imjum Depraved Caverns
8%
Soverney Devourer Of Gods
8%
alkali dim descent
8%
Staps Disconnect
8%
GirlyDash Disconnected
8%
Yakimaru Dispersion
8%
willy5000 Divigate
8%
AbstractDark Electric Facility
8%
Sillow Electro Cat
8%
AmorAltra Emperors
8%
lucasyecla99 Enantiomorphs
8%
Lyal Engine Breakdown
8%
GDSpeed Enlightenment
8%
Snowr33de Erruvent
8%
Pennutoh Escape the Core
8%
Texic Expire
8%
Darwin Explorers
8%
JustL3o EXPONENTIA
8%
Nickalopogas f150
8%
NucleusCore34 FaifBass
8%
LunarSIMG Fake A Doom
8%
LunarSIMG Fake A Might
8%
Galuss fartu masti
8%
Manix648 Final Redux
8%
aurumble Forbidden sector
8%
heatherhayes free level
8%
Balloons Freestyle
8%
Aquatias Frozen Space
8%
TheTrueSanji furyhell
8%
stardust1971 Gammaray
8%
Marwec Godmode
8%
unnn goodnight
8%
ThorMode Guiltiness
8%
Custi Halibut Cannon
8%
Loltad Hellfire of Heaven
8%
LyoNa Hellish Aspect
8%
VolteX Herbivorous
8%
SirHadoken Hyperchasm
8%
ML500 Hyperio Technia
8%
Tamii IBlaster
8%
Nwolc Ichor II
8%
R3YGA Intergalactic
8%
TD Epic Jeopardous
8%
xKstrol Kalameet
8%
FlyingChickN Knocking Bird
8%
onnikonna Lazarus
8%
brighyama Legendary
8%
TheHuevon Leikhpaz
8%
Noctaliium Mantis Massacre
8%
Sminx math
8%
Sillow Math Time
8%
KeiAs Mechanical Nightmare
8%
OrBiTaL mega tsunami
8%
SeveranceD Mental Torture
8%
MrSpaghetti Milkshake
8%
Ragnarus Millenium
8%
BIANOX MINDBREAKER
8%
Wav Mojito Funk
8%
iDarkBy11 Monody Caverns
8%
Kirzok Nana
8%
HelpegasuS NecroDynamix
8%
S3rios New Bloom
8%
para Night Life
8%
Jenkins Nightrush
8%
MaxyLAND Nine Paws
8%
IIExenityII Noxious Ruins II
8%
Pennutoh PainStep
8%
Zephirox Phosphore
8%
TeamHFC Pinball Panic
8%
Hinds Pixel Thingy
8%
Liccho Planet Circles
8%
Ryan LC Predawn
8%
Manix648 Primal Redux
8%
heatherhayes prismatic
8%
Straw Prototype
8%
FunnyGame Proxima
8%
xQuadrant Purple Kingdom
8%
Darwin Quantum Force
8%
Jonathangd RAMBreaker
8%
Konsi rattlesnake
8%
Zafkiel7 Reapers
8%
gecko0 Rebirth
8%
HelpegasuS Rebirth II
8%
Sillow Relic
8%
IHogartI Restricted Zone
8%
gaidenhertuny Reverie
8%
GDSpeed Roar of Time
8%
KeiAs Ruined Journey
8%
InsaneJohnson Saw of Destruction 2
8%
Stormfly Scardian
8%
Pennutoh Sector 1077
8%
Vlacc Shade Dissolver
8%
Memoried Silver Lining
8%
llZestll Skrillex Theory
8%
Havok SlaughterHouse
8%
Kelleyxp Slowing Down
8%
Floppy Sminx Squad
8%
durianhead smohcs
8%
Shocksidian Smoothie
8%
ValenQpr Spectral Edge
8%
RadiationV2 Spook Tunes
8%
Loltad Starlit Smog
8%
Rockstr99 Stay Before Im Gawne
8%
Toxic GD Steel Flare
8%
Manix648 SupremeLocked
8%
N3moProd Surge of Renewal
8%
Manix648 TakeDown
8%
DonutTV Tarantula
8%
Agils Thanos
8%
Ka1ns The Bandere
8%
xsebasfnx the blood room
8%
chipzz The Catalyst
8%
Kracken theory of troll
8%
BlueLite Theory of Visible v3
8%
Mazl The Prison
8%
Moosh TM18
8%
xKstrol Torrential Storm
8%
SirFluffybeans Toxic Thingy
8%
Lemons Tremor
8%
Pavlaxan Tropical Thunder
8%
TheRealSpex Twisted Vision
8%
FunnyGame Two faced agony
8%
Annon Valhalla
8%
brighyama Vengeance
8%
GMDDEEPSPACE Viper
8%
EternaswipVMAX Viridian
8%
nainteils VoltWave
8%
Noriega Wander of thought
8%
Ryder Wayfinder
8%
ARtu Whirlwind
8%
pg1004 wily
8%
Otorimasu Wisdom
8%
GETZUCCED Y I K E S
8%
xPix3lest Zone X
8%
NubScrub Apollo
4%
WOOGI1411 Asymmetry
4%
teamodyssey Azura
4%
Blix0 Ballistic
4%
Metalface221 Basic after basic
4%
aartos BioMachinist
4%
TheDevon Blast Insanity
4%
Tabun Blaze Up
4%
Rhythmical Blind Faith
4%
Manix648 BreakthroughX
4%
Havok Continuum
4%
xDon Cosmic Dolphin
4%
lioleo Death Breaker
4%
Yoruonomi Deimos
4%
Allan DeltaFunk
4%
BIANOX Digital Shockwave
4%
softable Driproom
4%
Syndrome GMD elation
4%
CastriX Electrosonic
4%
zinkzeta Elemental Chaos
4%
Maxos9Gang Elevatia
4%
Zephirox Encore
4%
MoustiKipiK Endless Corridor
4%
RadiationV2 Endorphins
4%
Mulpan Es Dilar Nos
4%
Pennutoh Excessive Compliment
4%
Tutone faster
4%
Shocksidian Fiber
4%
RyanAB Future Knight
4%
14Circles G Force
4%
ZyThorn Glebuxa
4%
WOOGI1411 Gust Dive
4%
Pennutoh Have a Drink
4%
LFritz HOME47
4%
Darwin Hyper Beam
4%
Darwin Incandescent
4%
Amoeba Infernity
4%
Licen00 Innervision
4%
Pauze Inscape
4%
BoyoftheCones Instantaneous
4%
swfcapslock2 Intoxication
4%
VoidSquad Intricate
4%
gecko0 Isotope
4%
Rabb2t Kurumi City
4%
HexagonDashers Level Up
4%
Darwin Lockdown
4%
Zafkiel7 Magnetum
4%
S1l3nce MetalCore v2
4%
Rokioto OfysbrEs
4%
DreamTide Periodic Elements
4%
whitepythor Photosynthesis
4%
MrLorenzo Pijatelo
4%
YakobNugget Protoplasm
4%
Nox Sadism
4%
Darwin Shimmering Citadel
4%
Rlol SkyBlaster
4%
SylvenoX Smeket
4%
AleeXhey Solar Eclipse
4%
SirHadoken Sonic Boom
4%
gdParallax Soul Knight
4%
LaxHDz Spectral Decadence
4%
SES Subsequent
4%
LIEB SuperSanik
4%
PalomitaJump Terror Ruin
4%
TyakyoFyai The Blitzless
4%
SeveranceD The RealistiK
4%
alkali tigre
4%
WOOGI1411 Transonic
4%
Dragn3el Universal Travel
4%
Leafparfait Utopia III
4%
Nosef Vanquish
4%
teamodyssey Ventura
4%
iITechnodashIi War Of The Worlds
4%
PokeChatt wawa
4%
Bryan1150 Windswept Prospect
4%
VecToRx GD Zeus
4%
ItzSlash Catmosphere
0%
TeamUprising Digital Entropy
0%
CHUZA Digithreat
0%
Jghost Osaka Nights
0%
Nwolc Thirteen
0%
No matching quizzes found
Score Distribution
Percent of People with Each Score
Percentile by Number Answered
Your Score History
You have not taken this quiz since the last reset